000 00392nam a2200169Ia 4500
001 3008
003 IN-NITTTR
005 20251114232940.0
008 251113s9999||||xx |||||||||||||| ||eng||
040 _beng
040 _cIN-NITTTR
041 _aeng
082 _a536 R137T
100 _aRajam, J. B.
245 2 _aA text book of heat for degree students /
_cRajam, J. B.
942 _2ddc
_cBK
999 _c4884
_d4884